Mario Kart Tracks - Statistiques

Statistiques générales
  • Ce quiz a été pris 107 fois
    15 depuis la dernière actualisation
  • Le résultat moyen est 87 sur 272
Statistiques - réponses
Game & Cup Tracks % Correct
SMK Mushroom Cup Mario Circuit 1
80%
SMK Mushroom Cup Mario Circuit 2
80%
SMK Flower Cup Mario Circuit 3
80%
MK64 Special Cup Banshee Boardwalk
60%
MKSC Flower Cup Boo Lake
60%
MKSC Mushroom Cup Bowser Castle 1 (GBA)
60%
SMK Mushroom Cup Bowser Castle 1 (SNES)
60%
MKSC Flower Cup Bowser Castle 2 (GBA)
60%
SMK Flower Cup Bowser Castle 2 (SNES)
60%
MKSC Star Cup Bowser Castle 3 (GBA)
60%
SMK Star Cup Bowser Castle 3 (SNES)
60%
MKSC Special Cup Bowser Castle 4
60%
MK64 Star Cup Bowser's Castle (N64)
60%
MKSC Special Cup Broken Pier
60%
MKSC Lightning Cup Cheep Cheep Island
60%
MKSC Flower Cup Cheese Land
60%
SMK Flower Cup Choco Island 1
60%
SMK Star Cup Choco Island 2
60%
MK64 Flower Cup Choco Mountain
60%
MK7 Special Cup DK Jungle
60%
MK64 Special Cup DK's Jungle Parkway
60%
SMK Mushroom Cup Donut Plains 1
60%
SMK Flower Cup Donut Plains 2
60%
SMK Special Cup Donut Plains 3
60%
MK64 Flower Cup Frappe Snowland
60%
SMK Mushroom Cup Ghost Valley 1
60%
SMK Flower Cup Ghost Valley 2
60%
SMK Special Cup Ghost Valley 3
60%
MK64 Mushroom Cup Kalimari Desert
60%
SMK Star Cup Koopa Beach 1
60%
SMK Special Cup Koopa Beach 2
60%
MK64 Mushroom Cup Koopa Troopa Beach
60%
MKSC Special Cup Lakeside Park
60%
MKSC Lightning Cup Luigi Circuit (GBA)
60%
MKDD Mushroom Cup Luigi Circuit (GCN)
60%
MK64 Mushroom Cup Luigi Raceway
60%
SMK Star Cup Mario Circuit 4
60%
MKSC Flower Cup Mario Circuit (GBA)
60%
N64 : Mario Kart 64
60%
GCN : Mario Kart Double Dash
60%
GBA : Mario Kart Super Circuit
60%
MK64 Flower Cup Mario Raceway
60%
MK64 Mushroom Cup Moo Moo Farm
60%
MKDD Mushroom Cup Peach Beach
60%
MKSC Mushroom Cup Peach Circuit
60%
MKSC Special Cup Rainbow Road (GBA)
60%
MK64 Special Cup Rainbow Road (N64)
60%
SMK Special Cup Rainbow Road (SNES)
60%
MKSC Star Cup Ribbon Road
60%
MKSC Mushroom Cup Riverside Park
60%
MK64 Star Cup Royal Raceway
60%
MK64 Star Cup Sherbet Land (N64)
60%
MKSC Mushroom Cup Shy Guy Beach
60%
MKSC Lightning Cup Sky Garden
60%
MKSC Star Cup Snow Land
60%
MKSC Lightning Cup Sunset Wilds
60%
SNES : Super Mario Kart
60%
MK64 Flower Cup Toad's Turnpike
60%
SMK Star Cup Vanilla Lake 1
60%
SMK Special Cup Vanilla Lake 2
60%
MK64 Star Cup Wario Stadium (N64)
60%
MKSC Star Cup Yoshi Desert
60%
MK64 Special Cup Yoshi Valley
60%
MKDS Star Cup Airship Fortress
40%
MKDD Mushroom Cup Baby Park
40%
MKDS Special Cup Bowser's Castle (DS)
40%
MKDD Special Cup Bowser's Castle (GCN)
40%
MKDS Mushroom Cup Cheep Cheep Beach
40%
MKDD Flower Cup Daisy Cruiser
40%
MKDS Flower Cup Delfino Square
40%
MKDS Flower Cup Desert Hills
40%
MKDD Special Cup Dino Dino Jungle
40%
MKDD Star Cup DK Mountain
40%
MKDS Star Cup DK Pass
40%
MKDD Mushroom Cup Dry Dry Desert
40%
MKWii Special Cup Dry Dry Ruins
40%
MKDS Mushroom Cup Figure-8 Circuit
40%
MKDS Mushroom Cup Luigi's Mansion
40%
MKDS Star Cup Mario Circuit (DS)
40%
MKDD Flower Cup Mario Circuit (GCN)
40%
DS : Mario Kart DS
40%
MKDD Flower Cup Mushroom Bridge
40%
MKDD Star Cup Mushroom City
40%
MKDS Special Cup Peach Gardens
40%
MKDS Special Cup Rainbow Road (DS)
40%
MKDD Special Cup Rainbow Road (GCN)
40%
MKDD Star Cup Sherbet Land (GCN)
40%
MKDS Flower Cup Shroom Ridge
40%
MKDS Shell Cup SNES Mario Circuit 1
40%
MK7 Banana Cup SNES Mario Circuit 2
40%
MKDS Star Cup Tick-Tock Clock
40%
MKDS Flower Cup Waluigi Pinball
40%
MKDD Flower Cup Waluigi Stadium
40%
MKDD Special Cup Wario Colosseum
40%
MKDS Special Cup Wario Stadium (DS)
40%
MKDD Star Cup Yoshi Circuit
40%
MKDS Mushroom Cup Yoshi Falls
40%
MK8 Banana Cup 3DS DK Jungle
20%
MK8 Leaf Cup 3DS Music Park
20%
MK8 Super Bell Cup 3DS Neo Bowser City
20%
MK8 Lightning Cup 3DS Piranha Plant Slide
20%
MK8D Moon Cup 3DS Rainbow Road
20%
MK8D Rock Cup 3DS Rock Rock Mountain / Alpine Pass
20%
MK8D Spiny Cup 3DS Rosalina's Ice World
20%
MK8D Golden Dash Cup 3DS Toad Circuit
20%
MK8 Crossing Cup Animal Crossing
20%
MK8 Super Bell Cup Big Blue
20%
MK8 Special Cup Bone-Dry Dunes
20%
MK7 Special Cup Bowser's Castle (3DS)
20%
MKWii Special Cup Bowser's Castle (Wii)
20%
MK8 Special Cup Bowser's Castle (Wii U / Switch)
20%
MK7 Mushroom Cup Cheep Cheep Lagoon
20%
MK8 Special Cup Cloudtop Cruise
20%
MKWii Flower Cup Coconut Mall
20%
MKWii Star Cup Daisy Circuit
20%
MK7 Mushroom Cup Daisy Hills
20%
MKWii Flower Cup DK Summit
20%
MK8 Star Cup Dolphin Shoals
20%
MK8 Egg Cup Dragon Driftway
20%
MK7 Lightning Cup DS Airship Fortress
20%
MK8 Shell Cup DS Cheep Cheep Beach
20%
MKWii Banana Cup DS Delfino Square
20%
MKWii Leaf Cup DS Desert Hills
20%
MK7 Leaf Cup DS DK Pass
20%
MK7 Shell Cup DS Luigi's Mansion
20%
MK8D Boomerang Cup DS Mario Circuit
20%
MK8D Moon Cup DS Peach Gardens (Switch)
20%
MKWii Lightning Cup DS Peach Gardens (Wii)
20%
MK8D Lucky Cat Cup DS Shroom Ridge
20%
MK8 Lightning Cup DS Tick-Tock Clock
20%
MK7 Banana Cup DS Waluigi Pinball (3DS)
20%
MK8D Turnip Cup DS Waluigi Pinball (Switch)
20%
MK8 Leaf Cup DS Wario Stadium
20%
MKWii Shell Cup DS Yoshi Falls
20%
MK8 Star Cup Electrodrome
20%
MK8 Egg Cup Excitebike Arena
20%
MK8D Rock Cup GBA Boo Lake
20%
MK7 Shell Cup GBA Bowser Castle 1
20%
MKDS Banana Cup GBA Bowser Castle 2
20%
MKWii Leaf Cup GBA Bowser Castle 3
20%
MK8 Crossing Cup GBA Cheese Land
20%
MKDS Leaf Cup GBA Luigi Circuit
20%
MK8 Shell Cup GBA Mario Circuit
20%
MKDS Shell Cup GBA Peach Circuit
20%
MK8 Super Bell Cup GBA Ribbon Road
20%
MK8D Fruit Cup GBA Riverside Park
20%
MKWii Banana Cup GBA Shy Guy Beach
20%
MKDS Lightning Cup GBA Sky Garden (DS)
20%
MK8D Lucky Cat Cup GBA Sky Garden (Switch)
20%
MK8D Propeller Cup GBA Snow Land
20%
MK8D Cherry Cup GBA Sunset Wilds
20%
MKDS Banana Cup GCN Baby Park (DS)
20%
MK8 Crossing Cup GCN Baby Park (Wii U / Switch)
20%
MK7 Leaf Cup GCN Daisy Cruiser (3DS)
20%
MK8D Feather Cup GCN Daisy Cruiser (Switch)
20%
MK7 Lightning Cup GCN Dino Dino Jungle
20%
MK8D Acorn Cup GCN DK Mountain (Switch)
20%
MKWii Lightning Cup GCN DK Mountain (Wii)
20%
MK8 Banana Cup GCN Dry Dry Desert
20%
MKDS Shell Cup GCN Luigi Circuit
20%
MKWii Leaf Cup GCN Mario Circuit
20%
MKDS Leaf Cup GCN Mushroom Bridge
20%
MKWii Shell Cup GCN Peach Beach
20%
MK8 Leaf Cup GCN Sherbet Land
20%
MK8D Boomerang Cup GCN Waluigi Stadium (Switch)
20%
MKWii Banana Cup GCN Waluigi Stadium (Wii)
20%
MKDS Lightning Cup GCN Yoshi Circuit (DS)
20%
MK8 Egg Cup GCN Yoshi Circuit (Wii U / Switch)
20%
MKWii Star Cup Grumble Volcano
20%
MK8 Triforce Cup Hyrule Circuit
20%
MK8 Triforce Cup Ice Ice Outpost
20%
MKWii Star Cup Koopa Cape
20%
MKWii Mushroom Cup Luigi Circuit (Wii)
20%
MK7 Star Cup Maka Wuhu
20%
MKWii Star Cup Maple Treeway
20%
MK7 Flower Cup Mario Circuit (3DS)
20%
MKWii Flower Cup Mario Circuit (Wii)
20%
MK8 Flower Cup Mario Circuit (Wii U / Switch)
20%
3DS : Mario Kart 7
20%
Wii U / Switch : Mario Kart 8 / Deluxe
20%
MK8 Mushroom Cup Mario Kart Stadium
20%
Wii : Mario Kart Wii
20%
MK8D Moon Cup Merry Mountain
20%
MKWii Mushroom Cup Moo Moo Meadows
20%
MKWii Special Cup Moonview Highway
20%
MK8 Star Cup Mount Wario
20%
MKWii Mushroom Cup Mushroom Gorge
20%
MK7 Flower Cup Music Park
20%
MK8 Egg Cup Mute City
20%
MKDS Lightning Cup N64 Banshee Boardwalk
20%
MKWii Lightning Cup N64 Bowser's Castle
20%
MKDS Leaf Cup N64 Choco Mountain (DS)
20%
MK8D Golden Dash Cup N64 Choco Mountain (Switch)
20%
MKWii Leaf Cup N64 DK's Jungle Parkway
20%
MKDS Banana Cup N64 Frappe Snowland
20%
MK7 Leaf Cup N64 Kalimari Desert (3DS)
20%
MK8D Turnip Cup N64 Kalimari Desert (Switch)
20%
MK7 Banana Cup N64 Koopa Troopa Beach
20%
MK7 Shell Cup N64 Luigi Raceway
20%
MKWii Shell Cup N64 Mario Raceway
20%
MKDS Shell Cup N64 Moo Moo Farm
20%
MK8 Lightning Cup N64 Rainbow Road
20%
MK8 Banana Cup N64 Royal Raceway
20%
MKWii Banana Cup N64 Sherbet Land
20%
MK8 Shell Cup N64 Toad's Turnpike
20%
MK8 Leaf Cup N64 Yoshi Valley
20%
MK7 Star Cup Neo Bowser City
20%
MK8D Lucky Cat Cup Ninja Hideaway
20%
MK8D Acorn Cup Piranha Plant Cove
20%
MK7 Star Cup Piranha Plant Slide
20%
MK7 Special Cup Rainbow Road (3DS)
20%
MKWii Special Cup Rainbow Road (Wii)
20%
MK8 Special Cup Rainbow Road (Wii U / Switch)
20%
MK7 Flower Cup Rock Rock Mountain / Alpine Pass
20%
MK7 Special Cup Rosalina's Ice World
20%
MK7 Mushroom Cup Shy Guy Bazaar
20%
MK8 Flower Cup Shy Guy Falls
20%
MK8D Propeller Cup Sky-High Sundae
20%
MK8D Spiny Cup SNES Bowser Castle 3
20%
MKDS Lightning Cup SNES Choco Island 2
20%
MKDS Banana Cup SNES Donut Plains 1
20%
MK8 Banana Cup SNES Donut Plains 3
20%
MKWii Shell Cup SNES Ghost Valley 2
20%
MKDS Leaf Cup SNES Koopa Beach 2
20%
MK8D Turnip Cup SNES Mario Circuit 3 (Switch)
20%
MKWii Lightning Cup SNES Mario Circuit 3 (Wii)
20%
MK7 Lightning Cup SNES Rainbow Road (3DS)
20%
MK8 Triforce Cup SNES Rainbow Road (Wii U / Switch)
20%
MK8D Feather Cup Squeaky Clean Sprint
20%
MK8 Star Cup Sunshine Airport
20%
MK8 Super Bell Cup Super Bell Subway
20%
MK8 Mushroom Cup Sweet Sweet Canyon
20%
MK8 Mushroom Cup Thwomp Ruins
20%
MK7 Mushroom Cup Toad Circuit
20%
MK8 Flower Cup Toad Harbor
20%
MKWii Mushroom Cup Toad's Factory
20%
MK8D Fruit Cup Tour Amsterdam Drift
20%
MK8D Feather Cup Tour Athens Dash
20%
MK8D Boomerang Cup Tour Bangkok Rush
20%
MK8D Moon Cup Tour Berlin Byways
20%
MK8D Rock Cup Tour London Loop
20%
MK8D Cherry Cup Tour Los Angeles Laps
20%
MK8D Spiny Cup Tour Madrid Drive
20%
MK8D Turnip Cup Tour New York Minute
20%
MK8D Golden Dash Cup Tour Paris Promenade
20%
MK8D Acorn Cup Tour Rome Avanti
20%
MK8D Boomerang Cup Tour Singapore Speedway
20%
MK8D Propeller Cup Tour Sydney Sprint
20%
MK8D Lucky Cat Cup Tour Tokyo Blur
20%
MK8D Cherry Cup Tour Vancouver Velocity
20%
MK8 Flower Cup Twisted Mansion
20%
MKWii Flower Cup Wario's Gold Mine
20%
MK7 Star Cup Wario Shipyard
20%
MK8 Mushroom Cup Water Park
20%
MK7 Banana Cup Wii Coconut Mall (3DS)
20%
MK8D Golden Dash Cup Wii Coconut Mall (Switch)
20%
MK8D Acorn Cup Wii Daisy Circuit
20%
MK8D Fruit Cup Wii DK Summit
20%
MK8 Lightning Cup Wii Grumble Volcano
20%
MK7 Lightning Cup Wii Koopa Cape (3DS)
20%
MK8D Cherry Cup Wii Koopa Cape (Switch)
20%
MK7 Leaf Cup Wii Maple Treeway (3DS)
20%
MK8D Rock Cup Wii Maple Treeway (Switch)
20%
MK8 Shell Cup Wii Moo Moo Meadows
20%
MK8D Feather Cup Wii Moonview Highway
20%
MK7 Shell Cup Wii Mushroom Gorge (3DS)
20%
MK8D Propeller Cup Wii Mushroom Gorge (Switch)
20%
MK8D Spiny Cup Wii Rainbow Road
20%
MK8 Triforce Cup Wii Wario's Gold Mine
20%
MK8 Crossing Cup Wild Woods
20%
MK7 Flower Cup Wuhu Loop
20%
MK8D Fruit Cup Yoshi's Island
20%
Aucun quiz correspondant
Distribution des résultats
% des personnes avec chaque résultat
Percentile par nombre de réponses
Votre historique - résultats
Vous n’avez pas pris ce quiz depuis la dernière actualisation